Statistics for Languages Taught By Duolingo

Click here to take the quiz!

General Stats

  • This quiz has been taken 4 times
  • The average score is 23 of 39

Answer Stats

Learners on DuolingoAnswer% Correct
6.81 milArabic
100%
8.19 milChinese
100%
2.57 milDutch
100%
975 kFinnish
100%
24.1 milFrench
100%
15.4 milGerman
100%
11.1 milHindi
100%
1.89 milIrish
100%
10.4 milItalian
100%
18.4 milJapanese
100%
16.1 milKorean
100%
1.53 milNorwegian
100%
2.06 milPolish
100%
4.68 milPortuguese
100%
6.95 milRussian
100%
40.9 milSpanish
100%
1.98 milSwedish
100%
3.78 milTurkish
100%
897 kDanish
67%
2.22 milGreek
67%
884 kRomanian
67%
2.60 milVietnamese
67%
687 kZulu
67%
800 kCzech
33%
376 kEsperanto
33%
1.03 milIndonesian
33%
583 kSwahili
33%
1.41 milUkrainian
33%
446 kHaitian Creole
0%
783 kHawaiian
0%
1.43 milHebrew
0%
832 kHigh Valyrian
0%
580 kHungarian
0%
358 kKlingon
0%
1.91 milLatin
0%
294 kNavajo
0%
526 kScottish Gaelic
0%
680 kWelsh
0%
294 kYiddish
0%

Score Distribution

Percentile by Number Answered

Percent of People with Each Score

Your Score History

You have not taken this quiz